Novostavba v stavebnej preluke v pamiatkovo chránenom území

Salvato in:
Dettagli Bibliografici
Autore principale: Kováčová, Valentína (Autore)
Altri autori: Gregorová, Jana (Relatore della tesi)
Natura: Manoscritto Libro
Lingua:slovacco
Pubblicazione: 2025
Soggetti:
Accesso online:http://is.stuba.sk/zp/portal_zp.pl?podrobnosti=186320
Tags: Aggiungi Tag
Nessun Tag, puoi essere il primo ad aggiungerne!!

MARC

LEADER 00000ntm a22000003a 4500
001 stuzp99018
003 SK-STU
005 20250628210444.5
007 ta
008 150427s2015----xo-----f-mn---000-0-slo-d
040 |a STU  |b slo 
041 0 |a slo 
100 1 |a Kováčová, Valentína  |u 010310  |4 aut  |U SvF Stavebná fakulta  |T SvF Katedra architektúry  |X 110146  |U V181|V310  |Y 19  |7 110146 
242 0 1 |a New building in a construction Gap within a Protected Heritage Zone  |y eng 
245 1 0 |a Novostavba v stavebnej preluke v pamiatkovo chránenom území 
260 |c 2025 
650 4 |a chránená pamiatková zóna  |2 slo 
650 4 |a stavebná prieluka  |2 slo 
650 4 |a Rajec  |2 slo 
650 4 |a novostavba  |2 slo 
650 4 |a objekt občianskej vybavenosti  |2 slo 
650 4 |a construction gap  |2 eng 
650 4 |a protected heritage zone  |2 eng 
650 4 |a Rajec  |2 eng 
650 4 |a new building  |2 eng 
650 4 |a public service building  |2 eng 
700 1 |a Gregorová, Jana  |u 010310  |k Z1  |4 ths  |U SvF Stavebná fakulta  |T SvF Katedra architektúry  |X 420  |U V181|V310  |Y 19  |7 A000000420 
856 4 |u http://is.stuba.sk/zp/portal_zp.pl?podrobnosti=186320